[Event "NED-ch 1976"]
[Site "Leeuwarden"]
[Date "1976.??.??"]
[Round "1"]
[White "Van Wijgerden, Cor"]
[Black "Baljon, Christofoor"]
[Result "0-1"]
[WhiteElo "2200"]
[BlackElo "2210"]
[PlyCount "98"]
[EventDate "1976.??.??"]
[Source "ChessBase"]
[SourceDate "1999.07.01"]

1. g3 g6 2. Bg2 Bg7 3. d4 Nf6 4. e4 d6 5. Nc3 O-O 6. Nge2 c6 7. O-O Qc7 8. a4
a5 9. h3 Na6 10. Be3 Rd8 11. Qd2 Nb4 12. Rad1 b6 13. f4 Ba6 14. Rf2 e5 15. d5
cxd5 16. exd5 e4 17. f5 Bb7 18. Bg5 Qe7 19. Nxe4 Nxe4 20. Bxe7 Nxd2 21. Bxd8
Nc4 22. Bg5 Nxb2 23. Rb1 Be5 24. fxg6 hxg6 25. Bf6 Nxa4 26. Bxe5 dxe5 27. c3
Nd3 28. Rff1 Rd8 29. Ra1 Nab2 30. c4 Nxc4 31. Nc3 f5 32. g4 Ne3 33. Rfb1 Nb4
34. Na4 Nec2 35. Ra2 Nxa2 36. Rxb6 Bxd5 37. Rxg6+ Kf7 38. gxf5 Bxg2 39. Kxg2
Ne3+ 40. Kf3 Nxf5 41. Ra6 Nd4+ 42. Ke4 Nb4 43. Rxa5 Ndc6 44. Rc5 Rd4+ 45. Kf3
Nd3 46. Rxc6 Rxa4 47. Ke3 Nf4 48. Rh6 Nxh3 49. Rh7+ Kf6 0-1

[Event "NED-ch 1976"]
[Site "Leeuwarden"]
[Date "1976.??.??"]
[Round "1"]
[White "Van der Vliet, Fred"]
[Black "Van der Weide, Piet"]
[Result "0-1"]
[WhiteElo "2320"]
[BlackElo "2290"]
[PlyCount "103"]
[EventDate "1976.??.??"]
[Source "ChessBase"]
[SourceDate "1999.07.01"]

1. Nf3 d5 2. g3 Bg4 3. Bg2 Nd7 4. O-O Ngf6 5. c4 e6 6. b3 Be7 7. Bb2 O-O 8. d4
Ne4 9. Nfd2 f5 10. Nxe4 fxe4 11. Nc3 Nf6 12. f3 exf3 13. exf3 Bf5 14. Kh1 Qd7
15. c5 Rae8 16. Re1 Bd8 17. Ne2 g5 18. g4 Bg6 19. Qd2 Qg7 20. Qxg5 Ne4 21. Qe3
Bg5 22. f4 Be7 23. Nc3 Nf6 24. h3 Kh8 25. Rf1 Bd8 26. Rae1 c6 27. Bc1 Ba5 28.
g5 Ng8 29. Bd2 Ne7 30. Nb1 Nf5 31. Qf2 Bxd2 32. Nxd2 Nxd4 33. Re5 Nc2 34. Qg3
Nb4 35. Nf3 Nd3 36. Re3 d4 37. Re2 Nxf4 38. Rd2 Be4 39. Re1 Bd5 40. Nh4 Nxg2
41. Nxg2 e5 42. Kh2 e4 43. Nf4 e3 44. Rdd1 Qe5 45. Nd3 Qxg3+ 46. Kxg3 Rf5 47.
Nf4 Re4 48. Nxd5 Rxg5+ 49. Kf3 cxd5 50. Re2 h5 51. Rh2 e2 52. c6 0-1

[Event "NED-ch 1976"]
[Site "Leeuwarden"]
[Date "1976.??.??"]
[Round "2"]
[White "Kuijpers, Frans"]
[Black "Van Wijgerden, Cor"]
[Result "0-1"]
[WhiteElo "2430"]
[BlackElo "2200"]
[PlyCount "130"]
[EventDate "1976.??.??"]
[Source "ChessBase"]
[SourceDate "1999.07.01"]

1. e4 c5 2. Nf3 Nc6 3. d4 cxd4 4. Nxd4 g6 5. Nc3 Bg7 6. Be3 Nf6 7. Bc4 O-O 8.
Bb3 a5 9. a4 Ng4 10. Qxg4 Nxd4 11. Qd1 Nxb3 12. cxb3 d6 13. Bd4 Bxd4 14. Qxd4
Be6 15. Nd5 Rc8 16. O-O Rc5 17. Rac1 Bxd5 18. exd5 Qc7 19. Rc3 Rc8 20. Rfc1 b6
21. h4 Qd7 22. h5 Qf5 23. h6 f6 24. Re1 Kf7 25. b4 axb4 26. Rce3 R8c7 27. Qxb4
Rc2 28. Rf3 Qxd5 29. Qxb6 Qd2 30. Rf1 Rc1 31. Qb3+ Kf8 32. Rxc1 Rxc1+ 33. Kh2
Qxh6+ 34. Rh3 Qf4+ 35. Qg3 Qxg3+ 36. Kxg3 Rb1 37. Rxh7 Rxb2 38. Rh8+ Kf7 39.
Ra8 Ke6 40. a5 Ra2 41. a6 Ra3+ 42. f3 Ra2 43. Ra7 d5 44. Ra8 g5 45. a7 Ke5 46.
Kh3 Kf4 47. Rd8 Rxa7 48. Rxd5 e5 49. Kh2 Rh7+ 50. Kg1 Kg3 51. Rd3 f5 52. Re3
Ra7 53. Kf1 Ra1+ 54. Ke2 Ra2+ 55. Ke1 Ra5 56. Kf1 f4 57. Re1 Rb5 58. Kg1 Rb2
59. Kh1 Rxg2 60. Rxe5 Kxf3 61. Ra5 Rg3 62. Ra3+ Kg4 63. Ra8 Rb3 64. Kg2 Rb2+
65. Kf1 Kg3 0-1

[Event "NED-ch 1976"]
[Site "Leeuwarden"]
[Date "1976.??.??"]
[Round "3"]
[White "Van Wijgerden, Cor"]
[Black "Ligterink, Gert"]
[Result "1-0"]
[WhiteElo "2200"]
[BlackElo "2400"]
[PlyCount "51"]
[EventDate "1976.??.??"]
[Source "ChessBase"]
[SourceDate "1999.07.01"]

1. e4 c5 2. d4 cxd4 3. c3 dxc3 4. Nxc3 Nc6 5. Nf3 d6 6. Bc4 e6 7. O-O Nf6 8.
Qe2 Be7 9. Rd1 e5 10. h3 O-O 11. Be3 Be6 12. Bxe6 fxe6 13. Rac1 Rc8 14. b4 a6
15. b5 axb5 16. Qxb5 Nd7 17. Qb3 Rf6 18. Qxb7 Na5 19. Qa6 Rc6 20. Qb5 Rf8 21.
Nd5 exd5 22. Rxc6 d4 23. Ra6 dxe3 24. fxe3 Nc5 25. Rxa5 Nxe4 26. Ra7 1-0

[Event "NED-ch 1976"]
[Site "Leeuwarden"]
[Date "1976.??.??"]
[Round "4"]
[White "Witt, Rob"]
[Black "Van Wijgerden, Cor"]
[Result "0-1"]
[WhiteElo "2260"]
[BlackElo "2200"]
[PlyCount "70"]
[EventDate "1976.??.??"]
[Source "ChessBase"]
[SourceDate "1999.07.01"]

1. Nf3 g6 2. e4 Bg7 3. d4 d6 4. Be2 Nf6 5. Nc3 O-O 6. O-O c6 7. a4 Qc7 8. h3 e5
9. Be3 exd4 10. Nxd4 Re8 11. Bf3 Nbd7 12. Re1 a5 13. Qd2 Nc5 14. Bf4 Be6 15.
Nxe6 Rxe6 16. Rad1 Bf8 17. Re3 Rae8 18. Qd4 Qb6 19. b3 Qb4 20. Qxb4 axb4 21.
Na2 Nfxe4 22. Nxb4 d5 23. Nd3 Nxd3 24. Rdxd3 Bc5 25. Kf1 g5 26. Bc7 Bxe3 27.
fxe3 f5 28. Bb6 h5 29. c4 dxc4 30. bxc4 g4 31. hxg4 hxg4 32. Bxe4 Rxe4 33. Rd7
f4 34. Rxb7 fxe3 35. Ke2 Rxc4 0-1

[Event "NED-ch 1976"]
[Site "Leeuwarden"]
[Date "1976.??.??"]
[Round "5"]
[White "Timman, Jan"]
[Black "Donner, Jan Hein"]
[Result "1-0"]
[WhiteElo "2550"]
[BlackElo "2475"]
[PlyCount "43"]
[EventDate "1976.??.??"]
[Source "ChessBase"]
[SourceDate "1999.07.01"]

1. e4 e5 2. Nf3 Nc6 3. Bb5 a6 4. Ba4 d6 5. O-O b5 6. Bb3 Na5 7. d4 Nxb3 8. axb3
f6 9. Nc3 Bb7 10. Be3 Ne7 11. dxe5 dxe5 12. Qe2 Nc6 13. Rfd1 Qe7 14. Ne1 Nd8
15. Nd5 Bxd5 16. exd5 Qd7 17. c4 bxc4 18. bxc4 Nb7 19. b4 Nd6 20. b5 Ne4 21.
Qc2 Nc5 22. d6 1-0

[Event "NED-ch 1976"]
[Site "Leeuwarden"]
[Date "1976.??.??"]
[Round "5"]
[White "Van Wijgerden, Cor"]
[Black "Ree, Hans"]
[Result "1/2-1/2"]
[WhiteElo "2200"]
[BlackElo "2420"]
[PlyCount "33"]
[EventDate "1976.??.??"]
[Source "ChessBase"]
[SourceDate "1999.07.01"]

1. e4 e5 2. Nf3 Nc6 3. d4 exd4 4. Bc4 Nf6 5. O-O d6 6. Nxd4 Be7 7. Nc3 O-O 8.
Bb3 Na5 9. Qd3 c6 10. Bf4 Ng4 11. Rad1 Ne5 12. Qe2 Qc7 13. Nf5 Re8 14. Nxe7+
Qxe7 15. Rd2 Qf6 16. Bxe5 dxe5 17. Rfd1 1/2-1/2

[Event "NED-ch 1976"]
[Site "Leeuwarden"]
[Date "1976.??.??"]
[Round "7"]
[White "Van Wijgerden, Cor"]
[Black "Donner, Jan Hein"]
[Result "1-0"]
[WhiteElo "2200"]
[BlackElo "2475"]
[PlyCount "79"]
[EventDate "1976.??.??"]
[Source "ChessBase"]
[SourceDate "1999.07.01"]

1. e4 c5 2. Nc3 Nc6 3. f4 g6 4. Nf3 Bg7 5. Bc4 e6 6. f5 Nge7 7. fxe6 dxe6 8.
O-O O-O 9. d3 Nd4 10. Bg5 h6 11. Bh4 Qd7 12. Nxd4 cxd4 13. Ne2 Nc6 14. Bf6 Bxf6
15. Rxf6 Kg7 16. Rf2 Ne5 17. Bb3 Qd6 18. h3 Bd7 19. Qd2 f6 20. Rd1 Rad8 21. c3
dxc3 22. bxc3 Nc6 23. d4 Bc8 24. Qe3 b6 25. Nf4 e5 26. dxe5 Qxe5 27. Bd5 Ne7
28. Rfd2 Rd6 29. c4 Rfd8 30. Nd3 Qg5 31. Qf2 Nxd5 32. cxd5 Bxh3 33. Nf4 Bg4 34.
Rc1 Qe5 35. Qe3 Qe7 36. Qd4 Re8 37. Rdc2 Qxe4 38. Rc7+ Bd7 39. Qxe4 Rxe4 40.
R1c6 1-0

[Event "NED-ch 1976"]
[Site "Leeuwarden"]
[Date "1976.??.??"]
[Round "8"]
[White "Van Wijgerden, Cor"]
[Black "Enklaar, Bert"]
[Result "0-1"]
[WhiteElo "2200"]
[BlackElo "2410"]
[PlyCount "118"]
[EventDate "1976.??.??"]
[Source "ChessBase"]
[SourceDate "1999.07.01"]

1. e4 c6 2. d4 d5 3. exd5 cxd5 4. Bd3 Nc6 5. c3 Nf6 6. Ne2 Bg4 7. h3 Bh5 8. Qb3
Bxe2 9. Bxe2 Qd7 10. O-O e6 11. Bf4 Be7 12. Nd2 O-O 13. Rfe1 a6 14. a4 Rfc8 15.
Qa2 Na5 16. b4 Nc6 17. Nb3 b6 18. a5 bxa5 19. Nxa5 Ne4 20. Nxc6 Qxc6 21. Bxa6
Nxc3 22. Qa5 Bxb4 23. Qxb4 Rxa6 24. Bd2 Rxa1 25. Rxa1 Ne4 26. Rc1 Qd7 27. Rxc8+
Qxc8 28. Be3 h6 29. Qe7 Qf8 30. Qd7 Nf6 31. Qc7 Qe8 32. Qg3 Kh7 33. Qc7 Qd7 34.
Qb8 Qa4 35. Qb1+ Kh8 36. Qb8+ Ng8 37. Qb1 Qa7 38. Qb2 Qe7 39. Qb8 Qf6 40. Kh1
Kh7 41. Qb1+ Qg6 42. Qb7 Nf6 43. Kg1 Ne4 44. Qc7 Qf5 45. f3 Ng5 46. Qg3 f6 47.
h4 Nf7 48. Qc7 Nh8 49. Qd7 h5 50. Bf2 Ng6 51. Qc8 Nf4 52. Be3 Ng6 53. Bf2 Qb1+
54. Kh2 Qb2 55. Kg1 Nf4 56. Qc7 Nd3 57. Bg3 Qxd4+ 58. Kh2 e5 59. Qd7 Nf4 0-1

[Event "NED-ch 1976"]
[Site "Leeuwarden"]
[Date "1976.??.??"]
[Round "9"]
[White "Van der Vliet, Fred"]
[Black "Van Wijgerden, Cor"]
[Result "1-0"]
[WhiteElo "2320"]
[BlackElo "2200"]
[PlyCount "41"]
[EventDate "1976.??.??"]
[Source "ChessBase"]
[SourceDate "1999.07.01"]

1. d4 Nf6 2. Nf3 c5 3. c4 cxd4 4. Nxd4 e6 5. g3 d5 6. Bg2 e5 7. Nb3 d4 8. e3 a5
9. exd4 a4 10. N3d2 exd4 11. O-O Be7 12. Na3 Bxa3 13. bxa3 O-O 14. Ne4 Nxe4 15.
Bxe4 Qf6 16. Rb1 Nc6 17. Re1 Ra7 18. Rb5 g6 19. Bh6 Re8 20. Bxc6 Qxc6 21. Rc5
1-0

[Event "NED-ch 1976"]
[Site "Leeuwarden"]
[Date "1976.??.??"]
[Round "10"]
[White "Van Wijgerden, Cor"]
[Black "Van der Weide, Piet"]
[Result "1-0"]
[WhiteElo "2200"]
[BlackElo "2290"]
[PlyCount "178"]
[EventDate "1976.??.??"]
[Source "ChessBase"]
[SourceDate "1999.07.01"]

1. e4 e5 2. Nf3 d6 3. d4 exd4 4. Nxd4 g6 5. Nc3 Bg7 6. Be3 Nf6 7. Qd2 O-O 8.
Bc4 Nbd7 9. a4 Re8 10. f3 Nb6 11. Bb3 d5 12. a5 Nc4 13. Bxc4 dxc4 14. O-O Qe7
15. Qe2 c5 16. Ndb5 Be6 17. Rfd1 Red8 18. Rxd8+ Rxd8 19. Nxa7 Nd7 20. Qf2 f5
21. exf5 Bxf5 22. Nab5 Bxc2 23. Nd5 Qe5 24. Qxc2 Qxd5 25. Rd1 Qe6 26. Bxc5 Rc8
27. Bf2 Ne5 28. Qe4 Qc6 29. Qxc6 Nxc6 30. Bb6 Ra8 31. Nd6 Nxa5 32. Bxa5 Rxa5
33. Nxc4 Rc5 34. Rd8+ Bf8 35. b3 b5 36. Nd2 Kf7 37. Ne4 Rc1+ 38. Kf2 Rb1 39.
Rd3 h6 40. g4 Ke6 41. f4 Be7 42. h3 b4 43. Nd2 Rc1 44. Re3+ Kf7 45. Ke2 Bd6 46.
Rf3 Be7 47. Kd3 Ke6 48. Re3+ Kf7 49. Ke4 Ke6 50. Kd4+ Kf7 51. Nc4 Bf6+ 52. Ke4
Bc3 53. Nd6+ Ke6 54. Nb5 Bf6 55. Rd3 Re1+ 56. Kf3 Rf1+ 57. Ke3 Rc1 58. Nd4+ Kf7
59. Ke4 Rc5 60. Nf3 Ke6 61. Nd2 Rc1 62. Nc4 Rb1 63. f5+ gxf5+ 64. gxf5+ Ke7 65.
Ne3 Re1 66. Kf3 Rh1 67. Nd5+ Kf7 68. Kg2 Re1 69. Nxb4 Re5 70. Rf3 Bh4 71. Nd3
Rd5 72. Kf1 Kf6 73. Nf2 Rxf5 74. Ng4+ Kg5 75. Rxf5+ Kxf5 76. Nxh6+ Kf4 77. Ke2
Bd8 78. b4 Kg3 79. b5 Kxh3 80. Kf3 Kh4 81. Ke4 Ba5 82. Nf7 Kg4 83. Ne5+ Kg5 84.
Nc4 Bd8 85. Ke5 Bc7+ 86. Ke6 Kf4 87. Kd7 Bb8 88. b6 Ke4 89. Kc6 Kd3 1-0

[Event "NED-ch 1976"]
[Site "Leeuwarden"]
[Date "1976.??.??"]
[Round "11"]
[White "Hartoch, Rob"]
[Black "Van Wijgerden, Cor"]
[Result "1-0"]
[WhiteElo "2365"]
[BlackElo "2200"]
[PlyCount "69"]
[EventDate "1976.??.??"]
[Source "ChessBase"]
[SourceDate "1999.07.01"]

1. e4 c5 2. Nf3 d6 3. d4 cxd4 4. Qxd4 a6 5. c4 Nc6 6. Qd2 Nf6 7. Nc3 g6 8. b3
Bg7 9. Bb2 O-O 10. h3 Qa5 11. Bd3 Rb8 12. a3 Be6 13. O-O Rfc8 14. b4 Qd8 15.
Nd5 Nd7 16. Bxg7 Kxg7 17. Rac1 f6 18. Be2 Nde5 19. Nh4 b5 20. cxb5 axb5 21. f4
Nd7 22. Nf3 Bf7 23. Kh1 Na7 24. Nd4 Rxc1 25. Rxc1 Nb6 26. Nc7 Kg8 27. Ncxb5
Nxb5 28. Nc6 Qe8 29. Nxb8 Nxa3 30. Qe3 Nac4 31. Bxc4 Nxc4 32. Qa7 Qb5 33. Qc7
Ne3 34. Qd8+ Kg7 35. Nd7 1-0